| 000 | 00389nam a2200145Ia 4500 | ||
|---|---|---|---|
| 008 | 240307s9999||||xx |||||||||||||| ||und|| | ||
| 020 | _a9789354665080 | ||
| 082 |
_a615.19 _bRAJ/P |
||
| 100 | _aRaje, VN | ||
| 245 | 0 | _aPharmacotherapeutics (for Second year diploma in Pharmacy) | |
| 250 | _a1st. Edition | ||
| 260 |
_aNew Delhi _bCBS Pub. & Distributors |
||
| 300 | _a150p. | ||
| 942 | _cBK | ||
| 999 |
_c44073 _d44073 |
||